[Event "Titled Tuesday intern op 08th Aug Early"]
[Site "Chess.com INT"]
[Date "2023.08.08"]
[Round "6"]
[White "Hnydiuk, Aleksander"]
[Black "Nayak, Rajesh"]
[Result "1-0"]
[WhiteElo "2345"]
[BlackElo "2194"]
[PlyCount "125"]
[EventDate "2023.08.08"]
[EventType "swiss (blitz)"]
[EventRounds "11"]
[EventCountry "USA"]
[SourceTitle "EXT 2024"]
[Source "ChessBase"]
[SourceDate "2023.10.10"]
[SourceVersion "1"]
[SourceVersionDate "2023.10.10"]
[SourceQuality "1"]

1. d4 Nf6 2. c4 g6 3. Nc3 Bg7 4. e4 d6 5. Nf3 0-0 6. Be2 e5 7. Be3 Nc6 8. d5 Ne7 9. Nd2 Ne8 10. Qc2 f5 11. f3 f4 12. Bf2 c5 13. a3 b6 14. b4 Nf6 15. bxc5 bxc5 16. 0-0 g5 17. g4 fxg3 18. hxg3 Bh3 19. Rfb1 Qe8 20. Bf1 Qh5 21. Qd1 g4 22. Bxh3 Qxh3 23. Qf1 Qh5 24. Qg2 gxf3 25. Nxf3 Ng4 26. Ra2 Rf7 27. Nh4 Raf8 28. Rbb2 Bh6 29. Nd1 Bg5 30. Re2 Rg7 31. Nf3 Bf4 32. Be1 Ng6 33. Qh1 Qxh1+ 34. Kxh1 Bxg3 35. Ng5 Bxe1 36. Rxe1 Nf4 37. Ne6 Nxe6 38. dxe6 Rg6 39. Rg2 Re8 40. Ne3 Rexe6 41. Rxg4 Rxg4 42. Nxg4 Rg6 43. Rg1 h5 44. Ne3 Rxg1+ 45. Kxg1 Kf7 46. Nf5 Ke6 47. Ng7+ Kd7 48. Nxh5 Kc6 49. Kf2 Kb6 50. Nf6 Ka5 51. Ne8 Ka4 52. Nxd6 Kxa3 53. Ke3 Kb4 54. Kd3 Kb3 55. Nf7 a5 56. Nxe5 a4 57. Nd7 Kb4 58. Kc2 a3 59. e5 Kxc4 60. e6 a2 61. Kb2 Kd5 62. e7 Kd6 63. e8Q 1-0

[Event "Titled Tuesday intern op 08th Aug Early"]
[Site "Chess.com INT"]
[Date "2023.08.08"]
[Round "5"]
[White "Nayak, Rajesh"]
[Black "Tharushi, THD Niklesha"]
[Result "1/2-1/2"]
[WhiteElo "2194"]
[BlackElo "1521"]
[PlyCount "112"]
[EventDate "2023.08.08"]
[EventType "swiss (blitz)"]
[EventRounds "11"]
[EventCountry "USA"]
[SourceTitle "EXT 2024"]
[Source "ChessBase"]
[SourceDate "2023.10.10"]
[SourceVersion "1"]
[SourceVersionDate "2023.10.10"]
[SourceQuality "1"]

1. b3 Nf6 2. Bb2 e6 3. h4 d5 4. h5 h6 5. e3 c5 6. Nf3 Nc6 7. Bb5 Bd7 8. Qe2 Bd6 9. d3 Qc7 10. Nbd2 a6 11. Bxc6 Bxc6 12. e4 dxe4 13. dxe4 Be7 14. 0-0-0 0-0-0 15. a4 Qf4 16. Rh4 Qc7 17. e5 Nd5 18. Rg4 Rhg8 19. Nc4 b5 20. axb5 axb5 21. Nd6+ Bxd6 22. exd6 Rxd6 23. Be5 Qd7 24. Bxd6 Qxd6 25. c4 Nf4 26. Rxd6 Nxe2+ 27. Kd2 Bxf3 28. gxf3 Nd4 29. cxb5 Kc7 30. Ra6 Nxb5 31. Rc4 Kb7 32. Ra5 Kb6 33. Ra1 Nd4 34. Kc3 Nxf3 35. Rca4 Ne5 36. Ra8 Rxa8 37. Rxa8 Ng4 38. Rg8 g5 39. hxg6 fxg6 40. Rxg6 Nxf2 41. Rxe6+ Kb5 42. Rxh6 Ne4+ 43. Kb2 c4 44. Re6 Nc5 45. Re5 cxb3 46. Kc3 b2 47. Kxb2 Kc4 48. Kc2 Kd4 49. Re8 Ne4 50. Re7 Nc5 51. Kd2 Ne4+ 52. Kc2 Nc5 53. Rc7 Ne4 54. Rd7+ Ke5 55. Kd3 Nc5+ 56. Kc4 Nxd7 1/2-1/2

[Event "Titled Tuesday intern op 08th Aug Early"]
[Site "Chess.com INT"]
[Date "2023.08.08"]
[Round "3"]
[White "Novita, Anjas"]
[Black "Nayak, Rajesh"]
[Result "1-0"]
[WhiteElo "2371"]
[BlackElo "2194"]
[PlyCount "67"]
[EventDate "2023.08.08"]
[EventType "swiss (blitz)"]
[EventRounds "11"]
[EventCountry "USA"]
[SourceTitle "EXT 2024"]
[Source "ChessBase"]
[SourceDate "2023.10.10"]
[SourceVersion "1"]
[SourceVersionDate "2023.10.10"]
[SourceQuality "1"]

1. e4 c5 2. Nc3 a6 3. f4 b5 4. g3 Bb7 5. Bg2 h5 6. d3 h4 7. Nh3 Nf6 8. g4 e6 9. Bf3 d5 10. e5 Nfd7 11. Ne2 Qc7 12. d4 Nc6 13. c3 b4 14. Be3 a5 15. f5 a4 16. fxe6 fxe6 17. Nhf4 Ndxe5 18. dxe5 Nxe5 19. 0-0 Nxf3+ 20. Rxf3 Qf7 21. Rf2 Qd7 22. Ng6 Rg8 23. Ne5 Qc7 24. Bf4 Bd6 25. Ng6 bxc3 26. bxc3 Bc6 27. Bxd6 Qxd6 28. Nef4 0-0-0 29. Rb1 e5 30. Nd3 Qxg6 31. Nxe5 Qe6 32. Qe2 Rge8 33. Qa6+ Bb7 34. Qxb7# 1-0

[Event "Titled Tuesday intern op 25th Jul Early"]
[Site "Chess.com INT"]
[Date "2023.07.25"]
[Round "10"]
[White "Dubnevych, Maksym"]
[Black "Nayak, Rajesh"]
[Result "1-0"]
[WhiteElo "2251"]
[BlackElo "2194"]
[PlyCount "99"]
[EventDate "2023.07.25"]
[EventType "swiss (blitz)"]
[EventRounds "11"]
[EventCountry "USA"]
[SourceTitle "EXT 2024"]
[Source "ChessBase"]
[SourceDate "2023.10.10"]
[SourceVersion "1"]
[SourceVersionDate "2023.10.10"]
[SourceQuality "1"]

1. d4 Nf6 2. Nc3 g6 3. Bf4 d5 4. e3 Bg7 5. h4 h5 6. Nf3 Bg4 7. Be2 Bxf3 8. Bxf3 c6 9. Qe2 Nbd7 10. 0-0 0-0 11. b4 Nb6 12. b5 Nc4 13. Rab1 Qa5 14. Rb3 cxb5 15. e4 dxe4 16. Nxe4 Nxe4 17. Bxe4 a6 18. Bxb7 Rad8 19. c3 e5 20. dxe5 Rfe8 21. Bc6 Re6 22. Be4 Bxe5 23. Bg5 Rde8 24. Qf3 Bg7 25. Bd5 Ne5 26. Qf4 Rd6 27. Qe4 Rc8 28. f4 Ng4 29. Bxf7+ Kxf7 30. Qe7+ Kg8 31. Qxd6 Rxc3 32. Qxg6 Rxb3 33. Qe8+ Bf8 34. Qe6+ Kh7 35. Qxb3 Qb6+ 36. Kh1 Nf2+ 37. Rxf2 Qxf2 38. Qf7+ Bg7 39. Qxh5+ Kg8 40. Qe8+ Bf8 41. Qe6+ Kh7 42. Qxa6 Bc5 43. Qb7+ Kg8 44. Qc8+ Kh7 45. Qf5+ Kg8 46. Qg6+ Kf8 47. Qf6+ Kg8 48. Qe6+ Kh7 49. Qf7+ Kh8 50. Bf6# 1-0

[Event "Titled Tuesday intern op 25th Jul Early"]
[Site "Chess.com INT"]
[Date "2023.07.25"]
[Round "2"]
[White "Goryachkina, Aleksandra"]
[Black "Nayak, Rajesh"]
[Result "1-0"]
[WhiteElo "2557"]
[BlackElo "2194"]
[PlyCount "49"]
[EventDate "2023.07.25"]
[EventType "swiss (blitz)"]
[EventRounds "11"]
[EventCountry "USA"]
[SourceTitle "EXT 2024"]
[Source "ChessBase"]
[SourceDate "2023.10.10"]
[SourceVersion "1"]
[SourceVersionDate "2023.10.10"]
[SourceQuality "1"]

1. e4 c5 2. Nf3 d6 3. d4 cxd4 4. Nxd4 Nf6 5. Nc3 g6 6. Be2 Bg7 7. 0-0 0-0 8. Be3 Nc6 9. h3 Bd7 10. Kh1 Nxd4 11. Bxd4 Bc6 12. Bd3 Qc8 13. f4 Rd8 14. f5 a6 15. a4 b5 16. Qf3 b4 17. Nd5 Bxd5 18. exd5 g5 19. Rae1 Re8 20. h4 gxh4 21. Qh3 Qd7 22. Qxh4 Kh8 23. Rf3 Rg8 24. Rh3 h6 25. Be3 1-0

[Event "Titled Tuesday intern op 25th Jul Early"]
[Site "Chess.com INT"]
[Date "2023.07.25"]
[Round "7"]
[White "Lehtosaari, Mauri"]
[Black "Nayak, Rajesh"]
[Result "1/2-1/2"]
[WhiteElo "2176"]
[BlackElo "2194"]
[PlyCount "155"]
[EventDate "2023.07.25"]
[EventType "swiss (blitz)"]
[EventRounds "11"]
[EventCountry "USA"]
[SourceTitle "EXT 2024"]
[Source "ChessBase"]
[SourceDate "2023.10.10"]
[SourceVersion "1"]
[SourceVersionDate "2023.10.10"]
[SourceQuality "1"]

1. d4 Nf6 2. Nf3 g6 3. Bg5 Bg7 4. Nbd2 d6 5. e3 0-0 6. Bc4 c6 7. 0-0 b5 8. Bb3 a5 9. a3 a4 10. Ba2 Be6 11. Bxe6 fxe6 12. b3 Nbd7 13. c4 axb3 14. Qxb3 bxc4 15. Qxc4 Nd5 16. Qxc6 h6 17. Bh4 g5 18. Bg3 Qc8 19. Rfc1 Qxc6 20. Rxc6 Ra4 21. h3 Rfa8 22. Rb1 Rxa3 23. Rb7 R3a7 24. Rxa7 Rxa7 25. Rc8+ Kf7 26. e4 Rc7 27. Rxc7 Nxc7 28. Kf1 Nb5 29. Nb3 Nf6 30. e5 Nd5 31. Ke2 Ndc3+ 32. Kd3 d5 33. Nc5 Nd1 34. Ne1 Nb2+ 35. Ke3 Nc4+ 36. Kd3 Nb2+ 37. Kc2 Nc4 38. Nf3 Nc7 39. Kb3 Kg6 40. Kb4 h5 41. Bh2 g4 42. Ne1 Kf5 43. hxg4+ hxg4 44. f3 Bh6 45. Ned3 Bd2+ 46. Kb3 gxf3 47. gxf3 Nb5 48. Bg1 Be3 49. Bxe3 Nxe3 50. Kb4 Nxd4 51. Ka5 Nxf3 52. Kb6 Nxe5 53. Nf2 N3g4 54. Nd1 d4 55. Kb5 Ne3 56. Nf2 N5g4 57. Nfd3 e5 58. Kb4 e4 59. Nc1 d3 60. N1xd3 exd3 61. Nxd3 Nd5+ 62. Kc5 Nf4 63. Nb4 e5 64. Kc4 e4 65. Nc2 Ne5+ 66. Kc3 Nf3 67. Ne3+ Kg5 68. Kc4 Kh4 69. Kc5 Kg3 70. Nf5+ Kf2 71. Kc4 Ne2 72. Kd5 Ng3 73. Nxg3 e3 74. Ne4+ Kg1 75. Nc3 Kf1 76. Ke4 Kf2 77. Nd1+ Ke2 78. Nxe3 1/2-1/2

[Event "Indore op 1st"]
[Site "Indore"]
[Date "2023.04.04"]
[Round "5"]
[White "Neelash, Saha"]
[Black "Nayak, Rajesh"]
[Result "1/2-1/2"]
[WhiteElo "2444"]
[BlackElo "2145"]
[PlyCount "48"]
[EventDate "2023.04.01"]
[EventType "swiss"]
[EventRounds "10"]
[EventCountry "IND"]
[SourceTitle "CBM 213 Extra"]
[Source "ChessBase"]
[SourceDate "2023.05.31"]
[SourceVersion "1"]
[SourceVersionDate "2023.05.31"]
[SourceQuality "1"]

1. d4 g6 2. e4 Bg7 3. Nc3 a6 4. a4 d6 5. Be2 Nc6 6. Be3 e5 7. dxe5 Nxe5 8. Nf3 Nxf3+ 9. Bxf3 Nf6 10. Qd2 Qe7 11. 0-0 0-0 12. h3 Bd7 13. e5 Qxe5 14. Bxb7 Rab8 15. Bxa6 Rxb2 16. a5 Ra8 17. f4 Ne4 18. Nxe4 Qxe4 19. Bd3 Qd5 20. a6 c5 21. Qe2 Bf5 22. Bxf5 Qxf5 23. Qf3 d5 24. Rad1 Bd4 1/2-1/2

[Event "IND-ch 59th"]
[Site "New Delhi"]
[Date "2022.12.28"]
[Round "7"]
[White "Sandipan, Chanda"]
[Black "Nayak, Rajesh"]
[Result "1-0"]
[WhiteElo "2475"]
[BlackElo "2184"]
[PlyCount "55"]
[EventDate "2022.12.22"]
[EventType "swiss"]
[EventRounds "13"]
[EventCountry "IND"]
[SourceTitle "CBM 211 Extra"]
[Source "ChessBase"]
[SourceDate "2023.01.31"]
[SourceVersion "1"]
[SourceVersionDate "2023.01.31"]
[SourceQuality "1"]

1. d4 Nf6 2. c4 g6 3. Nc3 Bg7 4. e4 d6 5. Be2 0-0 6. Bg5 c5 7. d5 h6 8. Be3 e6 9. Qd2 exd5 10. exd5 Kh7 11. h4 Re8 12. Nh3 b5 13. h5 b4 14. hxg6+ fxg6 15. Nd1 Ne4 16. Qc1 Qf6 17. g4 g5 18. 0-0 Nd7 19. Kg2 Qe5 20. f4 gxf4 21. Bxf4 Qe7 22. Bd3 Kg8 23. Re1 Qh4 24. Rxe4 Rxe4 25. Bxe4 Nf6 26. Bg3 Qxg4 27. Ndf2 Qe2 28. Nf4 1-0

[Event "IND-ch 59th"]
[Site "New Delhi"]
[Date "2022.12.23"]
[Round "2"]
[White "Nayak, Rajesh"]
[Black "Shyam, Nikil P"]
[Result "0-1"]
[WhiteElo "2184"]
[BlackElo "2490"]
[PlyCount "60"]
[EventDate "2022.12.22"]
[EventType "swiss"]
[EventRounds "13"]
[EventCountry "IND"]
[SourceTitle "CBM 211 Extra"]
[Source "ChessBase"]
[SourceDate "2023.01.31"]
[SourceVersion "1"]
[SourceVersionDate "2023.01.31"]
[SourceQuality "1"]

1. d4 Nf6 2. Nc3 d5 3. Bf4 g6 4. e3 Bg7 5. h4 h5 6. Nf3 Bg4 7. Qd2 c6 8. Ne5 Be6 9. f3 Nfd7 10. 0-0-0 Nxe5 11. dxe5 Nd7 12. e4 Nb6 13. Qe3 Qd7 14. a4 Qc7 15. exd5 Nxd5 16. Nxd5 Bxd5 17. e6 Qb6 18. Qa3 a5 19. exf7+ Kxf7 20. Bg5 Qb4 21. c4 Be6 22. Bd3 Qxa3 23. bxa3 Bf6 24. Rhe1 Rhg8 25. Kc2 Rac8 26. c5 Bd5 27. Rb1 Rc7 28. Bd2 Rd7 29. Rh1 Ba2 30. Rb6 Rgd8 0-1

[Event "Titled Tuesday intern op 04th Oct Early"]
[Site "Chess.com INT"]
[Date "2022.10.04"]
[Round "3"]
[White "Krishnan, Varun"]
[Black "Nayak, Rajesh"]
[Result "1-0"]
[WhiteElo "2373"]
[BlackElo "2183"]
[PlyCount "119"]
[EventDate "2022.10.04"]
[EventType "swiss (blitz)"]
[EventRounds "11"]
[EventCountry "USA"]
[SourceTitle "EXT 2023"]
[Source "ChessBase"]
[SourceDate "2022.10.05"]
[SourceVersion "1"]
[SourceVersionDate "2022.10.05"]
[SourceQuality "1"]

1. e4 c5 2. Nf3 d6 3. d4 cxd4 4. Nxd4 Nf6 5. Nc3 g6 6. Be3 Bg7 7. f3 0-0 8. Qd2 Nc6 9. g4 Bxg4 10. fxg4 Nxg4 11. Nxc6 bxc6 12. Bg1 Rb8 13. Be2 e6 14. Bxg4 Qh4+ 15. Bf2 Qxg4 16. Rg1 Qh5 17. Bd4 e5 18. Bxa7 Rxb2 19. Be3 d5 20. exd5 cxd5 21. Nxd5 e4 22. Nf4 Qb5 23. a4 Qc4 24. Qd1 Rxc2 25. Ne2 Bxa1 26. Rg5 Qd3 27. Qxd3 exd3 28. Nd4 Bxd4 29. Bxd4 Re8+ 30. Kd1 Rb8 31. Rb5 Rxb5 32. axb5 Rc4 33. Be3 Rb4 34. b6 Rb2 35. Bd4 Rb1+ 36. Kd2 Rb5 37. Kxd3 f5 38. Kc4 Rb1 39. Kc5 Kf7 40. Kc6 Ke6 41. b7 g5 42. Bb6 Rc1+ 43. Kb5 Rb1+ 44. Ka6 Ra1+ 45. Ba5 Rb1 46. Bb6 Ra1+ 47. Kb5 Rb1+ 48. Kc5 Rc1+ 49. Kd4 Rd1+ 50. Ke3 Rd8 51. Bxd8 Ke5 52. b8Q+ Ke6 53. Qc7 Kd5 54. Qd7+ Kc4 55. Qxf5 Kb3 56. Qxg5 Kc2 57. Qh6 Kd1 58. Qxh7 Ke1 59. Qh4+ Kf1 60. Qf2# 1-0

[Event "Titled Tuesday intern op 04th Oct Early"]
[Site "Chess.com INT"]
[Date "2022.10.04"]
[Round "4"]
[White "Nayak, Rajesh"]
[Black "Balabayeva, Kseniya"]
[Result "0-1"]
[WhiteElo "2183"]
[BlackElo "2230"]
[PlyCount "120"]
[EventDate "2022.10.04"]
[EventType "swiss (blitz)"]
[EventRounds "11"]
[EventCountry "USA"]
[SourceTitle "EXT 2023"]
[Source "ChessBase"]
[SourceDate "2022.10.05"]
[SourceVersion "1"]
[SourceVersionDate "2022.10.05"]
[SourceQuality "1"]

1. e4 e6 2. d3 d5 3. Nd2 c5 4. Ngf3 Nc6 5. g3 g6 6. Bg2 Bg7 7. 0-0 Nge7 8. Re1 0-0 9. h4 h6 10. c3 e5 11. Qe2 d4 12. Nf1 Be6 13. c4 a6 14. N1h2 b5 15. b3 Nb4 16. g4 Qb6 17. Kh1 a5 18. a4 bxc4 19. bxc4 Rab8 20. Rg1 Qc6 21. g5 h5 22. Nf1 Qd7 23. Kh2 Bg4 24. Ng3 f6 25. Qd2 Bxf3 26. Bxf3 fxg5 27. Bxh5 gxh5 28. Nxh5 Ng6 29. Rxg5 Rb6 30. Ba3 Bh6 31. Rag1 Bxg5 32. Rxg5 Kh7 33. Qe2 Nf4 34. Qf3 Rh6 35. Bc1 Qe7 36. Bxf4 Rxf4 37. Qg3 Rf7 38. Rxe5 Qf8 39. f4 Nxd3 40. Rg5 Nxf4 41. Nxf4 Rxf4 42. h5 Rf7 43. Qg4 Rf2+ 44. Kh3 Rf3+ 45. Kg2 Rf2+ 46. Kg3 Rf7 47. e5 Rg7 48. Qe4+ Kh8 49. Rxg7 Qxg7+ 50. Kh4 Qe7+ 51. Kg4 Rh7 52. e6 Qg7+ 53. Kf3 Qf6+ 54. Ke2 Re7 55. Qa8+ Kg7 56. Qg2+ Kh6 57. Kd3 Qxe6 58. Qd2+ Qe3+ 59. Kc2 Qxd2+ 60. Kxd2 Re3 0-1

[Event "Raipur Chhattisgarh"]
[Site "Raipur"]
[Date "2022.09.26"]
[Round "8"]
[White "Paichadze, Luka"]
[Black "Nayak, Rajesh"]
[Result "1-0"]
[WhiteElo "2560"]
[BlackElo "2142"]
[PlyCount "85"]
[EventDate "2022.09.19"]
[EventType "swiss"]
[EventRounds "10"]
[EventCountry "IND"]
[SourceTitle "CBM 210 Extra"]
[Source "ChessBase"]
[SourceDate "2022.11.30"]
[SourceVersion "1"]
[SourceVersionDate "2022.11.30"]
[SourceQuality "1"]

1. e4 e5 2. Nc3 d6 3. d4 exd4 4. Qxd4 Nf6 5. Be3 Be7 6. f3 0-0 7. 0-0-0 a6 8. g4 c5 9. Qd2 b5 10. Bf4 b4 11. Nd5 Nxd5 12. Qxd5 Ra7 13. Bc4 Nd7 14. Bxd6 Nb6 15. Qxc5 Nxc4 16. Bxe7 Qxe7 17. Qxc4 Be6 18. Qd3 Rd7 19. Qe3 Rxd1+ 20. Kxd1 Rd8+ 21. Kc1 Qc7 22. Ne2 Bxa2 23. Rd1 Rc8 24. Nd4 g6 25. b3 Qa5 26. Rd2 Qa3+ 27. Kd1 Qb2 28. h4 a5 29. Ke2 a4 30. h5 a3 31. h6 Qc3 32. Qxc3 Rxc3 33. Rd1 f5 34. gxf5 gxf5 35. exf5 Kf7 36. Ra1 Kf6 37. Rxa2 Ke5 38. Nb5 Rc5 39. c4 bxc3 40. Nxa3 Kf4 41. Nc2 Re5+ 42. Kd3 Kxf3 43. Ra7 1-0

[Event "Raipur Chhattisgarh"]
[Site "Raipur"]
[Date "2022.09.22"]
[Round "4"]
[White "Venkatesh, Marani Rajendran"]
[Black "Nayak, Rajesh"]
[Result "1-0"]
[WhiteElo "2481"]
[BlackElo "2142"]
[PlyCount "63"]
[EventDate "2022.09.19"]
[EventType "swiss"]
[EventRounds "10"]
[EventCountry "IND"]
[SourceTitle "CBM 210 Extra"]
[Source "ChessBase"]
[SourceDate "2022.11.30"]
[SourceVersion "1"]
[SourceVersionDate "2022.11.30"]
[SourceQuality "1"]

1. e4 e5 2. Nf3 Nc6 3. Nc3 g6 4. d4 exd4 5. Nd5 h5 6. Nxd4 a6 7. Bf4 d6 8. Nxc6 bxc6 9. Qd4 Rh7 10. Nc3 Bg7 11. Qe3 Nf6 12. Be2 Ng4 13. Bxg4 Bxg4 14. h3 Be6 15. 0-0-0 Qb8 16. Rhe1 Rh8 17. a3 Qb7 18. e5 Rb8 19. exd6 Qxb2+ 20. Kd2 cxd6 21. Bxd6 Rd8 22. Ne4 f5 23. Rb1 Qd4+ 24. Qxd4 Bxd4 25. Rb7 fxe4 26. Re7+ Kf8 27. Rd7+ Ke8 28. Re7+ Kf8 29. Rxe6+ Kf7 30. R1xe4 Bc5 31. Re7+ Kf6 32. Rf4+ 1-0

[Event "Titled Tuesday intern op 13th Sep Early"]
[Site "Chess.com INT"]
[Date "2022.09.13"]
[Round "7"]
[White "Nayak, Rajesh"]
[Black "Gracia Alvarez, Gerardo Antonio"]
[Result "0-1"]
[WhiteElo "2142"]
[BlackElo "2222"]
[PlyCount "76"]
[EventDate "2022.09.13"]
[EventType "swiss (blitz)"]
[EventRounds "11"]
[EventCountry "USA"]
[SourceTitle "EXT 2023"]
[Source "ChessBase"]
[SourceDate "2022.10.05"]
[SourceVersion "1"]
[SourceVersionDate "2022.10.05"]
[SourceQuality "1"]

1. e4 c5 2. Nf3 a6 3. Nc3 b5 4. a4 b4 5. Nd5 e6 6. Ne3 d6 7. g3 Bb7 8. d3 Nf6 9. Bg2 Be7 10. 0-0 0-0 11. b3 Nc6 12. Bb2 d5 13. e5 Nd7 14. Re1 Qc7 15. h4 Rfd8 16. h5 h6 17. Ng4 Bf8 18. Bc1 Nd4 19. Nxd4 cxd4 20. Bf4 Rac8 21. Rc1 Qc3 22. Qf3 Qb2 23. Qd1 Qc3 24. Bh3 Rc6 25. Re2 Rdc8 26. Rb1 Qc5 27. Qc1 Qe7 28. Rb2 Nc5 29. Qd2 a5 30. Bxh6 gxh6 31. Nf6+ Kh8 32. Qf4 Nd7 33. g4 Nxf6 34. exf6 Qd6 35. Re5 Rxc2 36. Rxc2 Rxc2 37. g5 Re2 38. g6 Qxe5 0-1

[Event "Titled Tuesday intern op 10th May Early"]
[Site "Chess.com INT"]
[Date "2022.05.10"]
[Round "4"]
[White "Nayak, Rajesh"]
[Black "Bach, Ngoc Thuy Duong"]
[Result "0-1"]
[WhiteElo "2179"]
[BlackElo "2192"]
[PlyCount "48"]
[EventDate "2022.05.10"]
[EventType "swiss (blitz)"]
[EventRounds "11"]
[EventCountry "USA"]
[SourceTitle "CBM 208 Extra"]
[Source "ChessBase"]
[SourceDate "2022.07.31"]
[SourceVersion "1"]
[SourceVersionDate "2022.07.31"]
[SourceQuality "1"]

1. e4 c5 2. Nf3 e6 3. d4 cxd4 4. Nxd4 a6 5. Nc3 Qc7 6. Bd3 Nf6 7. 0-0 d6 8. Be3 Be7 9. f4 Nbd7 10. Kh1 b5 11. a3 Bb7 12. Qf3 0-0 13. Qh3 Rfe8 14. Rae1 Nf8 15. f5 e5 16. Nf3 d5 17. exd5 Nxd5 18. Nxd5 Bxd5 19. Nd2 Qc6 20. f6 Bxf6 21. b4 Ng6 22. Bc5 e4 23. Nxe4 Bxe4 24. Bxe4 Rxe4 0-1

[Event "Titled Tuesday intern op 03rd May Early"]
[Site "Chess.com INT"]
[Date "2022.05.03"]
[Round "6"]
[White "Buscar, Michael"]
[Black "Nayak, Rajesh"]
[Result "1-0"]
[WhiteElo "2088"]
[BlackElo "2179"]
[PlyCount "89"]
[EventDate "2022.05.03"]
[EventType "swiss (blitz)"]
[EventRounds "11"]
[EventCountry "USA"]
[SourceTitle "CBM 208 Extra"]
[Source "ChessBase"]
[SourceDate "2022.07.31"]
[SourceVersion "1"]
[SourceVersionDate "2022.07.31"]
[SourceQuality "1"]

1. Nf3 Nf6 2. b3 g6 3. Bb2 Bg7 4. e4 d6 5. Bc4 0-0 6. Qe2 Nc6 7. d4 Bg4 8. Nbd2 e5 9. h3 Bxf3 10. Nxf3 exd4 11. Nxd4 Nxe4 12. Nxc6 bxc6 13. Bxg7 Kxg7 14. 0-0 Re8 15. Rae1 Qf6 16. Bd3 d5 17. Bxe4 Rxe4 18. Qa6 Rae8 19. Rxe4 Rxe4 20. Qxa7 Re2 21. Qc5 Qd6 22. Qc3+ d4 23. Qc4 Rd2 24. a4 Qd5 25. Qxd5 cxd5 26. Rc1 d3 27. cxd3 Rxd3 28. b4 Rd4 29. Rxc7 Rxb4 30. a5 Ra4 31. Rc5 d4 32. Rd5 d3 33. Rxd3 Rxa5 34. Kh2 h5 35. h4 Ra4 36. g3 Ra2 37. Kg2 Rb2 38. Rc3 Ra2 39. Rc6 Rb2 40. Kf3 Ra2 41. Rd6 Rb2 42. Rd3 Ra2 43. Ke3 Rb2 44. f3 Ra2 45. Kf4 1-0